000 00664nam a2200205 i 4500
001 92952
003 ES-MaACL
005 20230906181108.0
007 t|
008 050406s1944 sp f |||| | spa d
100 1 _aLoos, Anita.
_973269
245 1 0 _aPero se casan con las morenas /
_cAnita Loos ; traducción del inglés por C.R.C. ; sobrecubierta e ilustraciones de F. Alpresa.
260 _aBarcelona :
_bLauro,
_c1944.
300 _a149 p., 4 lám. col. ;
_c18 cm.
490 1 _a"Hostería del buen humor"
700 1 _aAlpresa, Frank.
_9166809
830 0 _a"Hostería del buen humor"
_9232072
852 _aES-MaACL
_jB-10124
999 _c92952
_d92952